Les Pierre célèbres - Mort subite - Statistiques

Statistiques générales
  • Ce quiz a été pris 507 fois
  • Le résultat moyen est 7 sur 15
Answers on the Grid
Answers color-coded by a green-red scale on the quiz's grid according to % correct below.
Curie
Palmade
Croce
Corneille
de Coubertin
de Ronsart
Desproges
Laval
Larousse
Mendès-France
Ménès
Niney
Richard
Troisgros
Tornade
Michel
Gosciny
Lovecraft
Fabius
Zola
Bruel
Barnier
de Montesquieu
Gignac
Aliagas
Canteloup
Rabelais
Pétain
Vian
Giroud
 
Statistiques - réponses
Réponse % Correct
Niney
82%
Palmade
78%
Ménès
65%
de Coubertin
63%
Croce
60%
Curie
59%
Richard
57%
Corneille
47%
Mendès-France
46%
Desproges
45%
de Ronsart
37%
Laval
27%
Tornade
20%
Larousse
19%
Troisgros
15%
Aucun quiz correspondant
Distribution des résultats
% des personnes avec chaque résultat
Percentile par nombre de réponses
Votre historique - résultats
Vous n’avez pas pris ce quiz